Missing Word: Eye See You Quiz Stats

 Plays Quiz Updated Apr 10, 2016

Challenge
Share
Tweet
Embed
Score 0/20 Timer 02:00
1 Play Today
Hint Missing Word % Correct
Eye of the ______Tiger
91.2%
Brown Eyed _____Girl
90.1%
Can't _____ My Eyes Off Of YouTake
89.4%
I _____ Have Eyes For YouOnly
77.7%
Don't It Make My _____ Eyes BlueBrown
75.2%
Behind _____ EyesBlue
71.7%
Cotton-Eyed _____Joe
70.4%
In _____ EyesYour
67.4%
Bette _____ EyesDavis
61.3%
______ These Hazel EyesBehind
60.4%
Hint Missing Word % Correct
Far _____ EyesAway
40.7%
_____ EyesGreen
32.8%
_____ EyesLyin'
28.7%
The _____ In Your EyesLight
17.5%
_____ Blue EyesBaby
16.7%
_____ EyesSad
11.1%
_____ In My EyesAngel
10.4%
_____ Your EyesOpen
9.3%
My _____ EyesFather's
8.5%
The Eyes of _____Mars
2%

Today's Daily Dose

You're not logged in!

Compare scores with friends on all Sporcle quizzes.
OR
Log In

You Might Also Like...

Show Comments

Extras

Top Quizzes Today


Score Distribution

Your Account Isn't Verified!

In order to create a playlist on Sporcle, you need to verify the email address you used during registration. Go to your Sporcle Settings to finish the process.

Report this User

Report this user for behavior that violates our Community Guidelines.

Details: